000 00674nam a2200205Ia 4500
003 GCL
008 140319s9999 xx 000 0 ara d
040 _aGCL /
_cGCL
082 0 4 _a811.1
_bس ش
100 1 _aسليمان العطار
245 1 0 _aشرح المعلقات السبع: تبسيط للشروح القديمة مع تحليل ودراسة /
_cسليمان العطار
260 _a[S.N] :
_bدار الثقافة للنشر والتوزيع ،
_c1988
300 _a338 ص
490 _a
650 0 4 _aالشعر العربى
650 0 4 _aالعصر الجاهلى
650 0 4 _aالمعلقات
650 0 4 _aتاريخ ونقد
942 _2ddc
_cBK
999 _c28701
_d28701